Statistics for WCW Managers and Valets

Click here to take the quiz!

General Stats

  • This quiz has been taken 86 times
  • The average score is 19 of 54

Answer Stats

Answer% Correct
Miss Elizabeth
85%
Jimmy Hart
82%
Paul E. Dangerously
82%
Woman
76%
Jim Cornette
70%
Eric Bischoff
67%
Gary Hart
67%
Kevin Sullivan
67%
Sister Sherri
64%
Ted Dibiase
64%
Teddy Long
58%
Madusa
55%
Torrie Wilson
55%
Harley Race
48%
J.J. Dillon
45%
Sonny Onoo
45%
Col. Robert Parker
42%
Daffney
42%
Missy Hyatt
42%
Vincent
42%
Baby Doll
39%
Kimberly Page
39%
Paul Ellering
39%
Jacqueline
36%
Major Gunns
36%
Miss Hancock
36%
Rick Rude
36%
Debra McMichael
33%
Gorgeous George
33%
"Diamond" Dallas Page
30%
Miss Jones
27%
Precious
27%
Alexandra York
24%
Big Daddy Dink
24%
Mr. Hughes
24%
Tammy Lynn Sytch
24%
Asya
21%
Michael Hayes
21%
Paul Jones
21%
Miss Madness
18%
Paisley
18%
Ralphus
18%
Tygress
18%
James Vandenberg
12%
Lady Blossom
9%
Midajah
9%
Midnight
9%
The Assassin
9%
Dark Journey
6%
Hiro Matsuda
6%
The Sheik
6%
Sir William
3%
Symphony
3%
Leia Meow
0%

Score Distribution

Percentile by Number Answered

Percent of People with Each Score

Your Score History

You have not taken this quiz